Farmakotherapie : [určeno] pro posl. lék. fak. /

Hlavní autor: Štefl, Jiří, 1904-1961
Korporativní autor: Masarykova univerzita
Jazyk: Čeština
Vydáno: Praha : SPN, 1952
Vydání: Dotisk 1. vyd.
Edice: Učební texty vysokých škol
Externí odkaz: Digitalizovaný dokument
Fyzický popis: 339, 32 s. ; 4°
Knihy
Uloženo v:
LEADER 01427nam a22003612a 4500
001 000817280
003 CZ BrMZK
005 20190620100915.0
007 ta
008 060522s1952 xr er|||||||||||cze d
015 |a cnb000409330 
040 |a ABA001  |b cze  |c PNA001  |d ABA001  |d BOA001 
100 1 |a Štefl, Jiří,  |d 1904-1961  |7 jk01131186  |4 aut 
245 1 0 |a Farmakotherapie :  |b [určeno] pro posl. lék. fak. /  |c Jiří Štefl 
250 |a Dotisk 1. vyd. 
260 |a Praha :  |b SPN,  |c 1952  |f (SČT 10) 
300 |a 339, 32 s. ;  |c 4° 
490 1 |a Učební texty vysokých škol 
500 |a Pozn. 
500 |a Vyd. Masarykova univ. v Brně 
500 |a 420 výt. 
500 |a Přehl. maximálních dávek 
500 |a Věcný rejstřík 
500 |a Dostupné též v digitální podobě v aplikaci Kramerius 
710 2 |a Masarykova univerzita  |7 kn20010709056 
830 0 |a Učební texty vysokých škol 
856 4 1 |u http://www.digitalniknihovna.cz/mzk/uuid/uuid:056b6960-967b-11e9-8fdf-005056827e52  |y Digitalizovaný dokument  |x NDK 
910 |a BOA001  |b 4-0298.939 
990 |a BK 
991 |b 200605 
996 7 |b 2619227762  |c 4-0298.939  |l MZK  |r Sklad / do 24 hodin  |n 2  |w 000817280  |u 000010  |a 1  |e BOA001  |j MZK50  |s A 
996 6 |b BC-313759  |c 4-0298.939  |l MZK  |r Sklad / do 24 hodin  |n 0  |w 000817280  |u 000020  |a 1  |e BOA001  |j MZK50  |s P 
996 6 |b BC-313760  |c 4-0298.939  |l MZK  |r Sklad / do 24 hodin  |n 0  |w 000817280  |u 000030  |a 1  |e BOA001  |j MZK50  |s P